Transformational odyssey : finding your path to personal transformation and self-renewal

The Transformational Odyssey was written to help those individuals who are facing difficult life transitions, and who are attempting to successfully navigate tough life decisions and engage in deep self-discovery. Unlike other self-help books that attempt to provide readers with homespun advice for...

Full description

Saved in:
Bibliographic Details
Main Author Barner, Robert (Author)
Format Electronic eBook
LanguageEnglish
Published Bingley, U.K : Emerald Publishing Limited : IAP, Information Age Publishing, Inc., 2017.
Subjects
Online AccessFull text
ISBN9781806608706
DOI10.1108/978-1-68123-984-2
Physical Description1 online resource (xxx, 153 pages)

Cover

LEADER 00000nam a2200000 i 4500
001 em-9781806608706
003 UtOrBLW
005 20190808164709.0
006 m o d
007 cr |||||||||||
008 180213t20172017enk o 000 0 eng
020 |a 9781806608706  |q (e-book) 
040 |a DLC  |b eng  |e rda  |c DLC  |d UtOrBLW 
080 |a 159.9 
082 0 4 |a 158.1  |2 23 
100 1 |a Barner, Robert,  |e author. 
245 1 0 |a Transformational odyssey :  |b finding your path to personal transformation and self-renewal /  |c Robert Barner. 
264 1 |a Bingley, U.K :  |b Emerald Publishing Limited :  |b IAP, Information Age Publishing, Inc.,  |c 2017. 
264 4 |c ©2017 
300 |a 1 online resource (xxx, 153 pages) 
336 |a text  |b txt  |2 rdacontent 
337 |a computer  |b c  |2 rdamedia 
338 |a online resource  |b cr  |2 rdacarrier 
500 |a "Charlotte, NC, www.infoagepub.com." 
505 0 |a Endorsements -- Preface: A little bit about this book -- About the author -- Introduction: Beginning your journey -- Chapter 1. Finding the clearing -- Chapter 2. Stepping into the unknown -- Chapter 3. Crossing the river -- Chapter 4. Facing the reflective pool -- Chapter 5. Ascending the mountain -- Chapter 6. Navigating the strait -- Chapter 7. Staying on the path -- Chapter 8. Discovering the oasis. Some closing thoughts. For those who want to go further. 
506 |a Plný text je dostupný pouze z IP adres počítačů Univerzity Tomáše Bati ve Zlíně nebo vzdáleným přístupem pro zaměstnance a studenty 
520 |a The Transformational Odyssey was written to help those individuals who are facing difficult life transitions, and who are attempting to successfully navigate tough life decisions and engage in deep self-discovery. Unlike other self-help books that attempt to provide readers with homespun advice for addressing difficult life challenges, The Transformational Odyssey shows readers how to take charge of their self-growth and development. It does this by providing readers with several applied techniques for engaging in deep self-learning in a more profound and fundamentally life-changing way.The title, The Transformational Odyssey, reflects the book's integrative metaphor of transformational learning as a personal odyssey of self-discovery. The word "odyssey" connotes a long, and sometimes arduous and meandering journey. Although an odyssey may present the traveler with unexpected trials and challenges, in the end it may yield increased wisdom and knowledge. Building on this metaphor, The Transformational Odyssey introduces readers to eight passages that they will inevitably encounter during their own personal odysseys of self-discovery. Each of these passages involves a uniquely different learning challenge that, as it is successfully navigated, increases the reader's capacity for self-growth.The Transformational Odyssey is written in a conversational style, as if the author were sitting down next to the reader to share my forty-plus years of experience as a personal coach and life transition counselor. Since different people learn in different ways, this book incorporates a variety of different learning methods, including actual cases, exercises, suggested actions, famous quotes, and metaphors. For those readers to would like to dig deeper on a given topic, at the end of each chapter the author has included a separate section that introduces readers to related cutting-edge research in the field of human psychology. The topics included in these sections cover such areas as mindfulness, meditation, narratives, and future selves. 
588 0 |a Print version record. 
650 0 |a Self-actualization (Psychology) 
650 0 |a Change (Psychology) 
650 0 |a Decision making  |x Psychological aspects. 
650 0 |a Life change events. 
650 7 |a Self-help  |x Personal Growth  |x General.  |2 bisacsh 
650 7 |a Self-help, personal development and practical advice.  |2 thema 
655 7 |a elektronické knihy  |7 fd186907  |2 czenas 
655 9 |a electronic books  |2 eczenas 
776 0 8 |i Print version:  |z 9781681239835, 9781681239828 
776 0 8 |i PDF version:  |z 9781681239842 
856 4 0 |u https://proxy.k.utb.cz/login?url=https://doi.org/10.1108/978-1-68123-984-2